Australian States & Territories - Statistics

General Stats
  • This quiz has been taken 15 times
  • The average score is 7 of 8
Answer Stats
Province % Correct
New South Wales
92%
Queensland
92%
Tasmania
92%
South Australia
85%
Victoria
85%
Western Australia
85%
Northern Territory
77%
Australian Capital Territory
69%
No matching quizzes found
Score Distribution
Percent of People with Each Score
Percentile by Number Answered
Your Score History
You have not taken this quiz